[Event "Open A"]
[Site "Gjovik NOR"]
[Date "2009.01.02"]
[Round "5"]
[White "Geetha Narayanan, G."]
[Black "Malakhatko, V."]
[Result "1/2-1/2"]
[WhiteElo "2548"]
[BlackElo "2633"]
[PlyCount "98"]
[EventDate "2008.12.29"]
[SourceDate "1999.07.01"]

1. e4 e6 2. d4 d5 3. Nd2 c5 4. Ngf3 cxd4 5. Nxd4 Nc6 6. Bb5 Bd7 7. Nxc6 Bxc6 8.
Bxc6+ bxc6 9. c4 Qa5 10. O-O Nf6 11. Qc2 Qa6 12. b3 Be7 13. Bb2 O-O 14. e5 Nd7
15. f4 Rad8 16. Kh1 h6 17. Rac1 Nb6 18. c5 Nd7 19. Bd4 Qe2 20. Rf2 Qg4 21. Qd3
f6 22. h3 Qh5 23. exf6 Bxf6 24. Nf3 e5 25. fxe5 Nxe5 26. Nxe5 Bxe5 27. Rxf8+
Rxf8 28. Bxe5 Qxe5 29. Kg1 Rf4 30. Rf1 Rxf1+ 31. Qxf1 Qe4 32. Qf3 Qd4+ 33. Qf2
Qc3 34. Kh2 a5 35. Qf5 Qxc5 36. Qe6+ Kf8 37. Qf5+ Ke7 38. Qe5+ Kd8 39. Qb8+ Kd7
40. Qb7+ Ke6 41. Qxg7 Qe3 42. Qg6+ Kd7 43. Qg3 Qd4 44. Qb8 Qd2 45. a3 d4 46.
Qb7+ Kd6 47. Qb8+ Kd5 48. Qg8+ Kd6 49. Qb8+ Kd5 1/2-1/2

[Event "Masters"]
[Site "Hastings ENG"]
[Date "2009.01.05"]
[Round "9"]
[White "Howell, D."]
[Black "Conquest, S."]
[Result "1/2-1/2"]
[WhiteElo "2593"]
[BlackElo "2526"]
[PlyCount "90"]
[EventDate "2008.12.28"]
[SourceDate "1999.07.01"]

1. e4 e6 2. d4 d5 3. Nd2 Nf6 4. e5 Nfd7 5. f4 c5 6. c3 Nc6 7. Ndf3 Be7 8. Bd3
Qa5 9. Be3 cxd4 10. Nxd4 Nc5 11. Bc2 Nxd4 12. Bxd4 Ne4 13. Nf3 Bd7 14. Nd2 Nxd2
15. Qxd2 Rc8 16. O-O Bc5 17. Bxc5 Qxc5+ 18. Kh1 g6 19. Rf3 Qb6 20. Bb3 Bb5 21.
Re1 Bc4 22. Ba4+ Bb5 23. Bc2 Bc6 24. Bb3 d4 25. Rd3 dxc3 26. bxc3 Rd8 27. Rd4
O-O 28. f5 Rxd4 29. cxd4 exf5 30. e6 Be4 31. exf7+ Kg7 32. Rd1 Rd8 33. Qf4 Qd6
34. f8=Q+ Qxf8 35. Qc7+ Kh6 36. d5 Qd6 37. Qxb7 Qc5 38. Qa6 Qf2 39. Qf1 Qxf1+
40. Rxf1 Kg5 41. Rc1 a5 42. Kg1 Kf4 43. Rc5 a4 44. Bxa4 Bxd5 45. Rc2 Ra8
1/2-1/2

[Event "38th Rilton Cup 2008-9"]
[Site "Stockholm SWE"]
[Date "2009.01.05"]
[Round "9"]
[White "Berczes, D."]
[Black "Gleizerov, E."]
[Result "1/2-1/2"]
[WhiteElo "2514"]
[BlackElo "2545"]
[PlyCount "35"]
[EventDate "2008.12.27"]
[SourceDate "1999.07.01"]

1. e4 e6 2. d4 d5 3. Nd2 Nf6 4. e5 Nfd7 5. Bd3 c5 6. c3 Nc6 7. Ne2 cxd4 8. cxd4
f6 9. exf6 Qxf6 10. Nf3 h6 11. O-O Bd6 12. Bc2 O-O 13. Qd3 Rd8 14. Qh7+ Kf7 15.
Ng3 Nf8 16. Qh8 Ng6 17. Qh7 Nf8 18. Qh8 1/2-1/2

[Event "73rd ch-BUL"]
[Site "Blagoevgrad BUL"]
[Date "2009.02.18"]
[Round "9"]
[White "Radulski, J."]
[Black "Rusev, K."]
[Result "1-0"]
[WhiteElo "2580"]
[BlackElo "2546"]
[PlyCount "71"]
[EventDate "2009.02.12"]
[SourceDate "1999.07.01"]

1. e4 e6 2. d4 d5 3. Nd2 Nf6 4. e5 Nfd7 5. f4 c5 6. Ngf3 cxd4 7. Nb3 Nc6 8.
Nfxd4 Be7 9. Be3 Nxd4 10. Nxd4 O-O 11. c3 Nc5 12. Be2 f6 13. exf6 Rxf6 14. O-O
Bd7 15. Rc1 Ba4 16. b3 Be8 17. c4 Ne4 18. Bf3 Bg6 19. g4 Qd7 20. g5 Rff8 21.
Bg4 Bf7 22. cxd5 Qxd5 23. Qf3 Rac8 24. Rcd1 Nc3 25. Nf5 exf5 26. Rxd5 Bxd5 27.
Qh3 fxg4 28. Qxg4 Kh8 29. f5 Bc5 30. Bxc5 Rxc5 31. f6 Ne4 32. b4 Be6 33. Qxe6
Rxg5+ 34. Kh1 Nxf6 35. Qe7 Re8 36. Rxf6 1-0

[Event "25th Open"]
[Site "Cappelle la Grande FRA"]
[Date "2009.03.01"]
[Round "2"]
[White "Balogh, C."]
[Black "Apicella, M."]
[Result "1/2-1/2"]
[WhiteElo "2605"]
[BlackElo "2517"]
[PlyCount "78"]
[EventDate "2009.02.28"]
[SourceDate "1999.07.01"]

1. e4 e6 2. d4 d5 3. Nd2 Nf6 4. Bd3 c5 5. e5 Nfd7 6. c3 Nc6 7. Ne2 cxd4 8. cxd4
f6 9. exf6 Nxf6 10. O-O Bd6 11. Nf3 O-O 12. Bf4 Bxf4 13. Nxf4 Ne4 14. Ne2 Rxf3
15. gxf3 Ng5 16. f4 Nh3+ 17. Kh1 Qh4 18. Qd2 Nxf2+ 19. Kg2 Nxd3 20. Qxd3 Bd7
21. h3 Rf8 22. Kh2 Qf6 23. Rad1 Be8 24. Ng3 Bg6 25. Qe3 h6 26. a3 Kh7 27. b4 a6
28. Rd2 Ne7 29. Qe5 Qf7 30. Qc7 Rc8 31. Qxb7 Rc3 32. f5 Bxf5 33. Rg2 Qf6 34.
Nxf5 Nxf5 35. Rxf5 exf5 36. Qxd5 Rxa3 37. Rf2 Rd3 38. Qxf5+ Qxf5 39. Rxf5 Rxd4
1/2-1/2

[Event "25th Open"]
[Site "Cappelle la Grande FRA"]
[Date "2009.03.02"]
[Round "4"]
[White "Gopal, G."]
[Black "Jaracz, P."]
[Result "1/2-1/2"]
[WhiteElo "2555"]
[BlackElo "2518"]
[PlyCount "29"]
[EventDate "2009.02.28"]
[SourceDate "1999.07.01"]

1. e4 e6 2. d4 d5 3. Nd2 dxe4 4. Nxe4 Nd7 5. Nf3 Ngf6 6. Nxf6+ Nxf6 7. g3 b6 8.
Bg2 Bb7 9. O-O Be7 10. Qe2 O-O 11. Rd1 Qc8 12. c4 Re8 13. b3 c5 14. Bb2 Qc7 15.
Ne5 1/2-1/2

[Event "25th Open"]
[Site "Cappelle la Grande FRA"]
[Date "2009.03.04"]
[Round "6"]
[White "Gopal, G."]
[Black "Rychagov, A."]
[Result "1/2-1/2"]
[WhiteElo "2555"]
[BlackElo "2515"]
[PlyCount "63"]
[EventDate "2009.02.28"]
[SourceDate "1999.07.01"]

1. e4 e6 2. d4 d5 3. Nd2 c5 4. Ngf3 Nc6 5. exd5 exd5 6. Bb5 Bd6 7. O-O Nge7 8.
dxc5 Bxc5 9. Nb3 Bd6 10. Re1 O-O 11. Bd3 h6 12. h3 Bf5 13. Nbd4 Bxd3 14. Qxd3
Qd7 15. Be3 Rfe8 16. Rad1 Rad8 17. c3 Bb8 18. Bc1 Nxd4 19. Nxd4 Nc6 20. Nf3 Ne5
21. Nxe5 Bxe5 22. Re2 Bf6 23. Rxe8+ Qxe8 24. Be3 Qa4 25. a3 b5 26. Bd4 Bxd4 27.
Qxd4 Qxd4 28. Rxd4 Kf8 29. Kf1 Ke7 30. Ke2 Kd6 31. a4 a6 32. Kd2 1/2-1/2

[Event "25th Open"]
[Site "Cappelle la Grande FRA"]
[Date "2009.03.06"]
[Round "8"]
[White "Vokarev, S."]
[Black "Rozentalis, E."]
[Result "0-1"]
[WhiteElo "2521"]
[BlackElo "2590"]
[PlyCount "84"]
[EventDate "2009.02.28"]
[SourceDate "1999.07.01"]

1. e4 e6 2. d4 d5 3. Nd2 c5 4. exd5 exd5 5. Ngf3 c4 6. Be2 Bd6 7. O-O Nf6 8.
Re1 O-O 9. Nf1 h6 10. Ne3 Nc6 11. Bf1 Be6 12. g3 b5 13. Bg2 Re8 14. c3 Qd7 15.
Nd2 Ne7 16. b3 Rac8 17. Bb2 a5 18. a3 Nf5 19. Ndf1 h5 20. b4 h4 21. Bc1 Nxe3
22. Nxe3 hxg3 23. hxg3 Ne4 24. Bxe4 dxe4 25. Qh5 g6 26. Qh4 Kg7 27. Ng2 Rh8 28.
Qxe4 Rh5 29. Ne3 Rch8 30. Kf1 Bd5 31. Nxd5 Rh1+ 32. Kg2 Qh3+ 33. Kf3 Qh5+ 34.
g4 Qh3+ 35. Ke2 Re8 36. Bh6+ Kxh6 37. Rxh1 Rxe4+ 38. Ne3 Bh2 39. Rag1 Kg7 40.
Rg3 Rxe3+ 41. Kxe3 Qh4 42. g5 a4 0-1

[Event "25th Open"]
[Site "Cappelle la Grande FRA"]
[Date "2009.03.06"]
[Round "8"]
[White "Gopal, G."]
[Black "Kraai, J."]
[Result "1-0"]
[WhiteElo "2555"]
[BlackElo "2506"]
[PlyCount "122"]
[EventDate "2009.02.28"]
[SourceDate "1999.07.01"]

1. e4 e6 2. d4 d5 3. Nd2 c5 4. Ngf3 cxd4 5. exd5 Qxd5 6. Bc4 Qd6 7. O-O Nf6 8.
Nb3 Nc6 9. Nbxd4 Nxd4 10. Nxd4 Bd7 11. c3 Be7 12. Qe2 O-O 13. Bg5 Rac8 14. Bb3
Rc5 15. Be3 Rh5 16. h3 a6 17. Rfd1 Qc7 18. Qf3 e5 19. Nc2 e4 20. Qg3 Qxg3 21.
fxg3 Bc5 22. g4 Re5 23. Bxc5 Rxc5 24. Rd6 a5 25. a4 Rfc8 26. Rad1 R8c7 27. Ne3
Kf8 28. R1d4 Ke7 29. Rb6 Be6 30. Bxe6 fxe6 31. Kf2 Nd7 32. Rb3 R5c6 33. Ke2 Nc5
34. Ra3 Rd6 35. Rc4 Rd3 36. Ra1 Rdd7 37. Rd1 Rxd1 38. Nxd1 Kd6 39. Nf2 e5 40.
Nxe4+ Nxe4 41. Rxe4 Kd5 42. Kd3 Rf7 43. Rc4 b6 44. Rc8 Rf2 45. Rd8+ Kc5 46. Rd7
Rxg2 47. Rxg7 h5 48. g5 Kd5 49. c4+ Ke6 50. Rg6+ Kf5 51. Rxb6 Rg3+ 52. Ke2 Kxg5
53. c5 Kf4 54. c6 Rg2+ 55. Kd1 Rg1+ 56. Kc2 Rg2+ 57. Kc3 Rg1 58. b4 e4 59. b5
e3 60. Kd3 Kf3 61. c7 h4 1-0

[Event "65th ch-RUS HL"]
[Site "?"]
[Date "2012.??.??"]
[Round "2"]
[White "Demchenko, A."]
[Black "Timofeev, Arty"]
[Result "1/2-1/2"]
[WhiteElo "2575"]
[BlackElo "2640"]
[PlyCount "59"]
[EventDate "2012.??.??"]
[SourceDate "1999.07.01"]

1. e4 e6 2. d4 d5 3. Nd2 dxe4 4. Nxe4 Nd7 5. Nf3 Ngf6 6. Nxf6+ Nxf6 7. Be3 Be7
8. Bd3 O-O 9. c3 b6 10. Qc2 c5 11. O-O-O Qc7 12. Ng5 h6 13. Nh7 cxd4 14. Bxd4
e5 15. Be3 Nxh7 16. Bxh7+ Kh8 17. Be4 Rb8 18. Bd5 b5 19. Rhe1 a5 20. Kb1 Bd7
21. f3 b4 22. cxb4 Qxc2+ 23. Kxc2 Bxb4 24. Bd2 Bf5+ 25. Be4 Rfc8+ 26. Bc3 Be6
27. Bd5 Bf5+ 28. Be4 Be6 29. Bd5 Bf5+ 30. Be4 1/2-1/2

[Event "5th Karen Asrian Memorial"]
[Site "?"]
[Date "2012.??.??"]
[Round "7"]
[White "Ter Sahakyan, S."]
[Black "Grigoryan, Av"]
[Result "1/2-1/2"]
[WhiteElo "2575"]
[BlackElo "2580"]
[PlyCount "32"]
[EventDate "2012.??.??"]
[SourceDate "1999.07.01"]

1. e4 e6 2. d4 d5 3. Nd2 c5 4. exd5 exd5 5. Bb5+ Bd7 6. Bxd7+ Nxd7 7. Ne2 Ngf6
8. O-O Bd6 9. Nf3 O-O 10. dxc5 Nxc5 11. Ng3 Nce4 12. Be3 Rc8 13. Bd4 Bc5 14. c3
Qb6 15. Qb3 Qa6 16. Rad1 Bxd4 1/2-1/2

[Event "Moscow Open A 2013"]
[Site "Moscow RUS"]
[Date "2013.02.05"]
[Round "4.1"]
[White "Mamedov, Rau"]
[Black "Danin, A."]
[Result "1-0"]
[WhiteElo "2651"]
[BlackElo "2578"]
[PlyCount "43"]
[EventDate "2013.02.02"]
[SourceDate "1999.07.01"]

1. e4 e6 2. d4 d5 3. Nd2 Nf6 4. e5 Nfd7 5. Bd3 c5 6. c3 Nc6 7. Ngf3 g6 8. h4
Qb6 9. O-O Bg7 10. Re1 cxd4 11. cxd4 Nxd4 12. Nxd4 Qxd4 13. Nf3 Qb6 14. Be3 Qa5
15. Bd2 Qd8 16. Rc1 O-O 17. h5 Re8 18. Qa4 d4 19. Bg5 Nb6 20. Qa5 Qd7 21. Red1
Rf8 22. Bb5 1-0

[Event "XXIV Roquetas Open"]
[Site "Roquetas de Mar ESP"]
[Date "2013.01.06"]
[Round "8.3"]
[White "Khamrakulov, I."]
[Black "Narciso Dublan, M."]
[Result "0-1"]
[WhiteElo "2509"]
[BlackElo "2549"]
[PlyCount "92"]
[EventDate "2013.01.02"]
[SourceDate "1999.07.01"]

1. e4 e6 2. d4 d5 3. Nd2 Nf6 4. e5 Nfd7 5. Bd3 c5 6. c3 b6 7. Nh3 Ba6 8. Bxa6
Nxa6 9. O-O Nc7 10. Nf4 c4 11. b3 b5 12. bxc4 bxc4 13. Qg4 g6 14. h4 h5 15. Qh3
Nb6 16. a4 Qd7 17. a5 Nc8 18. a6 Rb8 19. Nf3 Rb6 20. Ba3 Bxa3 21. Rxa3 Nb5 22.
Ra5 Nxc3 23. Rc5 Ne7 24. Nd2 Nb5 25. Nf3 Nc6 26. Kh1 Nc7 27. g4 hxg4 28. Qxg4
Nxa6 29. Rxc6 Rxc6 30. Kg2 c3 31. h5 c2 32. Rc1 Nb4 33. hxg6 fxg6 34. Ng5 Kd8
35. Qg3 Kc8 36. Qa3 Rc4 37. Nfxe6 Rh5 38. Kg3 a6 39. Qa5 Kb8 40. f4 Ka7 41. Qa3
Qc8 42. Nc5 Rxg5+ 43. fxg5 Rxd4 44. Qf3 Qxc5 45. Qf7+ Kb6 46. Qxg6+ Kb5 0-1

[Event "World Cities Team KO"]
[Site "Al-Ain UAE"]
[Date "2012.12.26"]
[Round "2.3"]
[White "Tiviakov, S."]
[Black "Romanov, E."]
[Result "1-0"]
[WhiteElo "2663"]
[BlackElo "2616"]
[PlyCount "133"]
[EventDate "2012.12.22"]
[SourceDate "1999.07.01"]
[WhiteTeam "Hoogeveen"]
[BlackTeam "Saratov"]

1. e4 e6 2. d4 d5 3. Nd2 c5 4. exd5 Qxd5 5. dxc5 Nf6 6. Ngf3 Qxc5 7. Bd3 Be7 8.
O-O O-O 9. Qe2 Nbd7 10. c4 b6 11. Ne4 Qc7 12. Nxf6+ Nxf6 13. Ne5 Bb7 14. b3 Nd7
15. Nxd7 Qxd7 16. Bb2 Rfd8 17. Rad1 Qc6 18. Qg4 Bf8 19. Rfe1 Rd7 20. Be4 Rxd1
21. Qxd1 Qc8 22. h4 Bxe4 23. Rxe4 Qe8 24. h5 Rd8 25. Rd4 Rxd4 26. Qxd4 h6 27.
a3 Qe7 28. b4 Qg5 29. Qd1 Qh4 30. Qe2 Bd6 31. g3 Qe7 32. Qf3 f5 33. Bd4 Qc7 34.
c5 bxc5 35. bxc5 Bxc5 36. Qc3 Bb6 37. Qxc7 Bxc7 38. Bxa7 g6 39. hxg6 Kg7 40. a4
Kxg6 41. Be3 e5 42. Bd2 f4 43. gxf4 Kf5 44. fxe5 Kxe5 45. a5 Kd5 46. a6 Kc6 47.
Be3 h5 48. Kg2 Bd8 49. f4 Kc7 50. f5 Kb8 51. Kh3 Ka8 52. Bf2 Bf6 53. Bh4 Bc3
54. Bg5 Ka7 55. Kh4 Kxa6 56. Kxh5 Kb7 57. Kg6 Kc6 58. Bh6 Kd7 59. Bg7 Bb4 60.
f6 Ke6 61. f7 Bd6 62. Bh6 Bb4 63. Kg7 Kf5 64. Kg8 Kg6 65. Bf8 Bc3 66. Ba3 Bg7
67. Bc1 1-0

[Event "19th Zadar Open A"]
[Site "Zadar CRO"]
[Date "2012.12.20"]
[Round "7.5"]
[White "Zelcic, R."]
[Black "Martinovic, Sa"]
[Result "1/2-1/2"]
[WhiteElo "2560"]
[BlackElo "2530"]
[PlyCount "146"]
[EventDate "2012.12.16"]
[EventType "swiss"]
[SourceDate "1999.07.01"]

1. e4 e6 2. d4 d5 3. Nd2 c5 4. exd5 Qxd5 5. Ngf3 cxd4 6. Bc4 Qd6 7. Bb3 Nc6 8.
O-O Nf6 9. Nc4 Qc5 10. c3 Be7 11. cxd4 Qh5 12. Nce5 Nxe5 13. dxe5 Nd7 14. Bf4
O-O 15. Nd4 Qxd1 16. Rfxd1 g5 17. Bg3 Nc5 18. Bc2 a5 19. Nb5 Bd7 20. Nd6 Bc6
21. Rac1 b6 22. f3 Rfd8 23. Bf2 Rab8 24. Bb1 Bd5 25. Bd4 Rd7 26. b3 Rbd8 27.
Kf2 f6 28. Be3 fxe5 29. Nc4 Bxc4 30. Rxd7 Rxd7 31. Rxc4 Rd1 32. Bc2 Ra1 33. a4
Ra2 34. Kg3 h6 35. Kg4 Kg7 36. Kh3 h5 37. Bd2 Kf6 38. Be1 Bd6 39. b4 axb4 40.
Bxb4 Nb7 41. Bxd6 Nxd6 42. Rc6 b5 43. Rxd6 Rxc2 44. axb5 Rb2 45. Rb6 Rb3 46. g4
Rxf3+ 47. Kg2 hxg4 48. Rb8 Rb3 49. b6 Kf5 50. b7 Ke4 51. Kf2 Rb4 52. Kg3 Ke3
53. Kg2 Rb1 54. Re8 Rxb7 55. Rxe6 e4 56. Kg3 Rh7 57. Ra6 Rd7 58. Kxg4 Rd5 59.
Ra3+ Ke2 60. Ra2+ Ke3 61. Ra3+ Kf2 62. Ra2+ Ke3 63. Ra3+ Ke2 64. Ra2+ Rd2 65.
Ra4 e3 66. Kxg5 Kf1 67. h4 Rg2+ 68. Kf5 e2 69. Ra1+ e1=Q 70. Rxe1+ Kxe1 71. h5
Kf2 72. h6 Rh2 73. Kg6 Rxh6+ 1/2-1/2

[Event "22nd TCh-SLO 2012"]
[Site "Slovenia SLO"]
[Date "2012.11.30"]
[Round "4"]
[White "Pavasovic, D."]
[Black "Sebenik, M."]
[Result "1/2-1/2"]
[WhiteElo "2555"]
[BlackElo "2543"]
[PlyCount "46"]
[EventDate "2012.11.23"]
[SourceDate "1999.07.01"]
[WhiteTeam "SD Tehcenter Ptuj"]
[BlackTeam "SD Vrhnika"]

1. e4 e6 2. d4 d5 3. Nd2 Nf6 4. e5 Nfd7 5. Bd3 c5 6. c3 Nc6 7. Ne2 cxd4 8. cxd4
f6 9. exf6 Nxf6 10. Nf3 Bd6 11. O-O O-O 12. Bf4 Bxf4 13. Nxf4 Ne4 14. Qc1 Ng5
15. Nxg5 Qxg5 16. Ne2 Qf6 17. Qe3 Bd7 18. Rad1 Rac8 19. Bb5 Nb8 20. Bd3 Nc6 21.
Bb5 Nb8 22. Bd3 Nc6 23. Bb5 Nb8 1/2-1/2

[Event "22nd TCh-SLO 2012"]
[Site "Slovenia SLO"]
[Date "2012.12.07"]
[Round "7"]
[White "Solak, D."]
[Black "Sebenik, M."]
[Result "1-0"]
[WhiteElo "2597"]
[BlackElo "2543"]
[PlyCount "91"]
[EventDate "2012.11.23"]
[SourceDate "1999.07.01"]
[WhiteTeam "SD dr. Milan Vidmar LJ"]
[BlackTeam "SD Vrhnika"]

1. e4 e6 2. d4 d5 3. Nd2 Nf6 4. e5 Nfd7 5. c3 c5 6. f4 Nc6 7. Ndf3 cxd4 8. cxd4
a5 9. Ne2 Nb6 10. Nc3 a4 11. Bd3 Bd7 12. O-O Be7 13. Qe2 Rc8 14. Bd2 Nb4 15.
Bb1 Nc4 16. a3 Nc6 17. Nxa4 N6a5 18. Bxa5 Qxa5 19. Nc3 Qb6 20. Nd1 Na5 21. Bd3
Nb3 22. Rb1 Nxd4 23. Nxd4 Qxd4+ 24. Kh1 g6 25. Ne3 Qb6 26. Ng4 h5 27. Nf6+ Bxf6
28. exf6 Rc5 29. Rbc1 Rxc1 30. Rxc1 Qd6 31. Qe5 Qxe5 32. fxe5 h4 33. Rc7 Kd8
34. Rxb7 Rh5 35. Kg1 Rxe5 36. Rb8+ Kc7 37. Rh8 Rg5 38. Rf8 Kd6 39. Rxf7 e5 40.
Rf8 e4 41. Be2 Be6 42. b4 Bh3 43. g3 Ke6 44. b5 hxg3 45. b6 g2 46. b7 1-0

[Event "Bundesliga 2012-13"]
[Site "Baden Baden GER"]
[Date "2012.12.09"]
[Round "6"]
[White "Naiditsch, A."]
[Black "Bischoff, K."]
[Result "1-0"]
[WhiteElo "2704"]
[BlackElo "2519"]
[PlyCount "93"]
[EventDate "2012.10.20"]
[EventType "team"]
[SourceDate "1999.07.01"]
[WhiteTeam "OSC Baden-Baden"]
[BlackTeam "SF Katernberg"]

1. e4 e6 2. d4 d5 3. Nd2 Nf6 4. e5 Nfd7 5. Bd3 c5 6. c3 Nc6 7. Ne2 Be7 8. Nf3
a5 9. O-O cxd4 10. cxd4 Nb6 11. Nc3 Bd7 12. a4 Nb4 13. Be2 Nc8 14. Be3 Na7 15.
Nd2 O-O 16. f4 f5 17. exf6 Bxf6 18. Nf3 Nac6 19. Qd2 Be8 20. Ne5 Nxe5 21. dxe5
Be7 22. Nb5 Bxb5 23. Bxb5 Nc6 24. Rac1 Bb4 25. Qe2 d4 26. Bd2 d3 27. Qe3 Bxd2
28. Qxd2 Qd4+ 29. Kh1 Nb4 30. Bc4 Nd5 31. g3 Rad8 32. b3 Qe4+ 33. Kg1 Qd4+ 34.
Rf2 g5 35. Qxd3 Qxd3 36. Bxd3 gxf4 37. Be4 fxg3 38. hxg3 Rfe8 39. Rc5 Ne3 40.
Re2 b6 41. Rc7 Rd1+ 42. Kh2 Nf5 43. Rb7 Re7 44. Rxb6 Nd4 45. Rf2 Re1 46. Rf4 h5
47. Bd3 1-0

[Event "VIII Governor's Cup"]
[Site "Khanty-Mansiysk RUS"]
[Date "2012.11.18"]
[Round "4.5"]
[White "Mamedov, Rau"]
[Black "Savchenko, B."]
[Result "1-0"]
[WhiteElo "2647"]
[BlackElo "2556"]
[PlyCount "49"]
[EventDate "2012.11.15"]
[SourceDate "1999.07.01"]

1. e4 e6 2. d4 d5 3. Nd2 c5 4. Ngf3 Nf6 5. e5 Ne4 6. c3 Qb6 7. Bd3 Nxd2 8. Qxd2
cxd4 9. Nxd4 Nc6 10. Nf3 f6 11. Qe2 Qc7 12. Bf4 g5 13. Bg3 g4 14. Nd4 Nxe5 15.
Bb5+ Ke7 16. O-O a6 17. f4 gxf3 18. Nxf3 Qc5+ 19. Nd4 Bg7 20. Qf2 Qc7 21. Rae1
Rf8 22. Ba4 Bd7 23. Bxd7 Kxd7 24. Bxe5 fxe5 25. Qf7+ 1-0

[Event "VIII Governor's Cup"]
[Site "Khanty-Mansiysk RUS"]
[Date "2012.11.22"]
[Round "8.3"]
[White "Zhigalko, S."]
[Black "Savchenko, B."]
[Result "0-1"]
[WhiteElo "2682"]
[BlackElo "2556"]
[PlyCount "50"]
[EventDate "2012.11.15"]
[SourceDate "1999.07.01"]

1. e4 e6 2. d4 d5 3. Nd2 c5 4. exd5 exd5 5. dxc5 Bxc5 6. Nb3 Bb6 7. Nf3 Nf6 8.
Be2 Nc6 9. O-O h6 10. c3 O-O 11. Nfd4 Ne4 12. Be3 Re8 13. Rc1 Bc7 14. c4 Qd6
15. Nf3 Bg4 16. Qxd5 Qf6 17. Nbd2 Rad8 18. Nxe4 Qxb2 19. Qb5 Qxe2 20. Nc3 Qd3
21. Qxb7 Qd7 22. Qb5 Bxf3 23. gxf3 Qh3 24. f4 Nd4 25. Bxd4 Bxf4 0-1

[Event "16th OIBM 2012"]
[Site "Bad Wiessee GER"]
[Date "2012.11.03"]
[Round "8.6"]
[White "Volkov, Sergey1"]
[Black "Eingorn, V."]
[Result "1-0"]
[WhiteElo "2579"]
[BlackElo "2550"]
[PlyCount "44"]
[EventDate "2012.10.27"]
[SourceDate "1999.07.01"]

1. d4 e6 2. e4 d5 3. Nd2 c5 4. Ngf3 Nf6 5. exd5 Nxd5 6. dxc5 Nd7 7. c6 bxc6 8.
Bc4 Be7 9. O-O O-O 10. Re1 Qc7 11. c3 a5 12. a4 Ba6 13. Qc2 N7b6 14. b3 Rfd8
15. Rb1 Rab8 16. g3 h6 17. Bb2 Bc5 18. Rf1 Bf8 19. Ba1 Bb7 20. Rfe1 Nf6 21. Nd4
Bc5 22. Bf1 Ba6 1-0

[Event "16th OIBM 2012"]
[Site "Bad Wiessee GER"]
[Date "2012.11.04"]
[Round "9.5"]
[White "Rozentalis, E."]
[Black "Prusikin, M."]
[Result "1-0"]
[WhiteElo "2577"]
[BlackElo "2545"]
[PlyCount "81"]
[EventDate "2012.10.27"]
[SourceDate "1999.07.01"]

1. e4 e6 2. d4 d5 3. Nd2 c5 4. Ngf3 cxd4 5. Nxd4 Nf6 6. exd5 Qxd5 7. N4f3 Be7
8. Bc4 Qc5 9. Qe2 O-O 10. O-O Qc7 11. Ne4 Nxe4 12. Qxe4 Nd7 13. Bd3 Nf6 14. Qh4
Rd8 15. Bf4 Qc5 16. Be5 h6 17. Rfe1 Bd7 18. Nd4 Be8 19. Re3 Nd5 20. Qe4 f5 21.
Rg3 g5 22. Qe2 Bf7 23. Nxe6 Bxe6 24. Qh5 Nf4 25. Bxf4 Kg7 26. Re1 Bf7 27. Be5+
Qxe5 28. Rxe5 Bxh5 29. Rxe7+ Bf7 30. f4 Kf6 31. Rxb7 gxf4 32. Rh3 h5 33. Rb4
Kg5 34. Rf3 Bxa2 35. b3 Rac8 36. Rbxf4 Rd5 37. Rxf5+ Rxf5 38. Rxf5+ Kh6 39. Rf7
Bb1 40. h4 Bxc2 41. Rh7# 1-0

[Event "12th Sautron Open"]
[Site "Sautron FRA"]
[Date "2012.10.29"]
[Round "4.2"]
[White "Oleksienko, M."]
[Black "Gleizerov, E."]
[Result "1-0"]
[WhiteElo "2539"]
[BlackElo "2564"]
[PlyCount "134"]
[EventDate "2012.10.27"]
[SourceDate "1999.07.01"]

1. e4 e6 2. d4 d5 3. Nd2 Nf6 4. e5 Nfd7 5. Bd3 c5 6. c3 Nc6 7. Ne2 cxd4 8. cxd4
f6 9. exf6 Qxf6 10. Nf3 h6 11. O-O Bd6 12. Ng3 O-O 13. Bc2 Rf7 14. Nh5 Qd8 15.
Bg6 Re7 16. Bf4 Nf8 17. Bc2 Rf7 18. Bg3 g6 19. Bh4 Be7 20. Bxe7 Qxe7 21. Ng3
Bd7 22. Qd2 Kg7 23. Qe3 Qf6 24. Ne2 Be8 25. Rac1 a6 26. Bb1 Nd7 27. Rfe1 g5 28.
Ne5 Ndxe5 29. dxe5 Qxe5 30. Qxe5+ Nxe5 31. Ng3 Ng4 32. Rxe6 Rf6 33. Re7+ Rf7
34. Re6 Rf6 35. Nf5+ Kf8 36. Rxf6+ Nxf6 37. Nxh6 d4 38. Nf5 Rd8 39. Rd1 Bg6 40.
Nxd4 Rxd4 41. Rxd4 Bxb1 42. a3 g4 43. Rf4 Ke7 44. f3 gxf3 45. Rxf3 Be4 46. Rf2
Ke6 47. h3 Ke5 48. Kh2 Nd5 49. g4 a5 50. Kg3 b5 51. h4 b4 52. axb4 axb4 53. h5
b3 54. g5 Ne7 55. g6 Nxg6 56. hxg6 Bxg6 57. Rf3 Bc2 58. Rc3 Kd4 59. Kf2 Bd1 60.
Ke1 Bc2 61. Kd2 Kd5 62. Ke3 Ke5 63. Rc5+ Kd6 64. Kd4 Bd1 65. Kc4 Bg4 66. Kb4
Be6 67. Rc3 Kd5 1-0

[Event "Magistral La Razon 2012"]
[Site "Villa Martelli ARG"]
[Date "2012.10.28"]
[Round "6.2"]
[White "Mekhitarian, K."]
[Black "Rodriguez Vila, A."]
[Result "0-1"]
[WhiteElo "2503"]
[BlackElo "2541"]
[PlyCount "66"]
[EventDate "2012.10.23"]
[SourceDate "1999.07.01"]

1. e4 e6 2. d4 d5 3. Nd2 Nf6 4. e5 Nfd7 5. c3 c5 6. Bd3 b5 7. Bxb5 Qb6 8. Qa4
Na6 9. Ngf3 Rb8 10. Be2 Be7 11. O-O O-O 12. a3 Nc7 13. b4 cxd4 14. cxd4 a5 15.
bxa5 Qa7 16. Rb1 Rxb1 17. Nxb1 Nb6 18. Qc2 Nc4 19. Bg5 Bxg5 20. Nxg5 g6 21. Qc3
Nb5 22. Qh3 f6 23. Bxc4 dxc4 24. exf6 Rxf6 25. Nc3 Nxd4 26. Qe3 Rf5 27. a6 e5
28. Rb1 Qxa6 29. h4 Qxa3 30. Rb8 Rf8 31. Qxe5 Qxc3 32. Rxc8 Qa1+ 33. Kh2 Nf3+
0-1

[Event "TCh-NED Meesterklasse 2012-13"]
[Site "Netherland NED"]
[Date "2012.11.03"]
[Round "3.3"]
[White "Bok, B."]
[Black "Berelowitsch, A."]
[Result "1-0"]
[WhiteElo "2525"]
[BlackElo "2565"]
[PlyCount "131"]
[EventDate "2012.09.15"]
[SourceDate "1999.07.01"]
[WhiteTeam "HMC Calder"]
[BlackTeam "BSG"]

1. e4 e6 2. d4 d5 3. Nd2 c5 4. exd5 Qxd5 5. dxc5 Bxc5 6. Ngf3 Nf6 7. Bc4 Qc6 8.
O-O Nbd7 9. Qe2 O-O 10. Nb3 b6 11. Nxc5 Qxc5 12. b3 Bb7 13. Bb2 Rac8 14. Rfd1
Qh5 15. Nd4 Ne5 16. Qxh5 Nxh5 17. Bf1 Nf4 18. g3 Nf3+ 19. Nxf3 Bxf3 20. Rd2 Ng6
21. Bg2 Bxg2 22. Kxg2 Rfd8 23. Rad1 Rxd2 24. Rxd2 f6 25. c4 Rc7 26. Rd8+ Kf7
27. Ba3 Ne5 28. Bd6 Rd7 29. Rf8+ Kg6 30. Bxe5 fxe5 31. Ra8 Kf5 32. Kf3 e4+ 33.
Ke3 Ke5 34. h3 h6 35. h4 Rd3+ 36. Ke2 Rd7 37. Re8 Kf5 38. Rc8 Ke5 39. c5 bxc5
40. Rxc5+ Kd4 41. Rc4+ Ke5 42. h5 Rf7 43. b4 Rf3 44. Rc5+ Kd4 45. Ra5 Rf7 46.
Ra6 Kd5 47. a4 Rc7 48. b5 Rc2+ 49. Ke3 Rc3+ 50. Kd2 Rc7 51. Kd1 Rf7 52. Ke2 Rc7
53. Kd2 Ke5 54. b6 axb6 55. Rxb6 Rc4 56. a5 Ra4 57. a6 Kd4 58. Kc2 e5 59. Kb3
Ra1 60. Rb4+ Kd3 61. Ra4 Rb1+ 62. Ka3 Rb8 63. a7 Ra8 64. Kb4 Ke2 65. Ra2+ Kf3
66. Kc5 1-0

[Event "TCh-CZE Extraliga 2012-13"]
[Site "Czech Republic CZE"]
[Date "2012.11.04"]
[Round "2.3"]
[White "Petrik, T."]
[Black "Yemelin, V."]
[Result "1/2-1/2"]
[WhiteElo "2534"]
[BlackElo "2574"]
[PlyCount "37"]
[EventDate "2012.11.03"]
[SourceDate "1999.07.01"]
[WhiteTeam "AD Mahrla Praha"]
[BlackTeam "Vystaviste Lysa nad Labem"]

1. e4 e6 2. d4 d5 3. Nd2 c5 4. exd5 Qxd5 5. Ngf3 cxd4 6. Bc4 Qd6 7. O-O Nf6 8.
Nb3 Nc6 9. Nbxd4 Nxd4 10. Nxd4 a6 11. Bb3 Bd7 12. Re1 Qc7 13. Bg5 O-O-O 14. Qf3
Bd6 15. h3 Qc5 16. Qe3 Qc7 17. Qf3 Qc5 18. Qe3 Qc7 19. Qf3 1/2-1/2

[Event "6th SPICE Cup GM"]
[Site "St Louis USA"]
[Date "2012.10.15"]
[Round "4"]
[White "Balogh, C."]
[Black "Le Quang Liem"]
[Result "1/2-1/2"]
[WhiteElo "2664"]
[BlackElo "2703"]
[PlyCount "48"]
[EventDate "2012.10.13"]
[SourceDate "1999.07.01"]

1. e4 e6 2. d4 d5 3. Nd2 c5 4. exd5 Qxd5 5. dxc5 Bxc5 6. Ngf3 Nf6 7. Bc4 Qc6 8.
Qe2 a6 9. O-O O-O 10. Bd3 Nbd7 11. c3 h6 12. Rd1 Re8 13. Ne4 Nxe4 14. Bxe4 Qc7
15. Bc2 e5 16. Nd2 Nf6 17. Ne4 Nxe4 18. Bxe4 Be6 19. Be3 Bxe3 20. Qxe3 Rad8 21.
Qa7 Bc8 22. Qe3 Be6 23. Qa7 Bc8 24. Qe3 Be6 1/2-1/2